Schaum's outline of geometry / (Record no. 29778)
[ view plain ]
| 000 -LEADER | |
|---|---|
| fixed length control field | 00549 a2200181 4500 |
| 020 ## - INTERNATIONAL STANDARD BOOK NUMBER | |
| International Standard Book Number | 0070527660 |
| 020 ## - INTERNATIONAL STANDARD BOOK NUMBER | |
| International Standard Book Number | 9780070527669 |
| 082 ## - DEWEY DECIMAL CLASSIFICATION NUMBER | |
| Classification number | 516 |
| 090 ## - LOCALLY ASSIGNED LC-TYPE CALL NUMBER (OCLC); LOCAL CALL NUMBER (RLIN) | |
| -- | 1165 |
| -- | 1165 |
| 100 1# - MAIN ENTRY--PERSONAL NAME | |
| Personal name | Rich, Barnett. |
| 245 10 - TITLE STATEMENT | |
| Title | Schaum's outline of geometry / |
| Statement of responsibility, etc. | Barnett Rich. |
| 250 ## - EDITION STATEMENT | |
| Edition statement | 3rd ed. |
| 260 ## - PUBLICATION, DISTRIBUTION, ETC. | |
| Place of publication, distribution, etc. | [S.l.] : |
| Name of publisher, distributor, etc. | McGraw-Hill, |
| Date of publication, distribution, etc. | 2000. |
| 300 ## - PHYSICAL DESCRIPTION | |
| Extent | 367 p. ; |
| Dimensions | 28 cm. |
| 700 ## - ADDED ENTRY--PERSONAL NAME | |
| Personal name | Rich, Barnett. |
| 942 ## - ADDED ENTRY ELEMENTS (KOHA) | |
| Institution code [OBSOLETE] | SNS |
| Koha item type | Book |
| Call number prefix | 516 RIC |
| Withdrawn status | Lost status | Damaged status | Not for loan | Permanent Location | Current Location | Date acquired | Total Checkouts | Full call number | Barcode | Date last seen | Price effective from | Koha item type |
|---|---|---|---|---|---|---|---|---|---|---|---|---|
| School of Natural Sciences (SNS) | School of Natural Sciences (SNS) | 05/26/2016 | 516 RIC | SNS0001478 | 05/26/2016 | 05/26/2016 | Book |
